Statistics for Famous People from the 2nd Century BC

Click here to take the quiz!

General Stats

  • This quiz has been taken 16 times
  • The average score is 5 of 14

Answer Stats

HintAnswer% Correct
Younger brother of the former, who supported his policyGaius Gracchus
86%
Roman politician, who marched on Rome and became dictatorSulla
86%
Plebeian tribune, who wanted to help the poor in RomeTiberius Gracchus
86%
Reformed the Roman military and defeated Teutons and CimbriGaius Marius
71%
Seleucid King, who lost at the Battle of MagnesiaAntiochus III the Great
43%
Lead an jewish uprising, which is still celebrated at HanukkahJonathan Apphus
29%
Historian of the rise of Rome, influenced ideas of Seperation of PowerPolybius
21%
Overthrow the Mauryan Empire and founded the Shunga EmpirePushyamitra Shunga
21%
Slave, who became a succesfull latin playwright: "Andria"Terence
21%
Indo-Greek conqueror of Punjab and Patron of BuddhismMenander I
14%
Important Han emperor, who expanded and strengthened the realmWu of Han
14%
Mathematician, who worked on the topic of Conic SectionsApollonius of Perga
7%
King of Parthia, who conquered Babylon and became "King of Kings"Mithridates II of Parthia
7%
Founder of Trigonometry and discoverer of the precession of the equinoxesHipparchus
0%

Score Distribution

Percentile by Number Answered

Percent of People with Each Score

Your Score History

You have not taken this quiz